Statistics for The World's Most Visited Countries

Click here to take the quiz!

General Stats

  • This quiz has been taken 62 times
  • The average score is 9 of 10

Answer Stats

Visitors(Millions)Answer% Correct
75.6USA
100%
82.6France
98%
75.6Spain
98%
59.3China
96%
35.8UK
95%
35.6Germany
93%
52.4Italy
93%
35Mexico
91%
32.6Thailand
78%
25.7Malaysia
36%

Score Distribution

Percentile by Number Answered

Percent of People with Each Score

Your Score History

You have not taken this quiz